Northern Ireland counties-Antrim and Newtownabbey - Statistics

General Stats
  • This quiz has been taken 6 times
  • The average score is 6 of 15
Answer Stats
.Hint Answer % Correct
Notorious housing estate that was formerly a hotbed of loyalist paramilitary activity Rathcoole
100%
The majority of this liqueur, manufactured by Diageo, is produced in Mallusk, a large industrial estate just off the M2 motorway Bailey's Irish Cream
67%
Northern Ireland's largest and busiest airport is located near the hamlet of Aldergrove; what is its official name? Belfast International Airport
67%
Although the castle, once the home of the Clotworthy family, is long gone, its pretty, ornate landscape gardens still remain in the county town Antrim Castle Gardens
33%
A scenic, quiet wooded river valley lies within this small town Crumlin
33%
Hill that was used as a camp by the United Irishmen during the 1798 Rebellion Donegore
33%
This woman built and flew the first Irish biplane from Carnmoney Hill in 1910 Lilian Bland
33%
American novelist, humorist and essayist, best known for works such as The Adventures of Huckleberry Finn and The Adventures of Tom Sawyer, with ancestral ties to the area around Ballynure Mark Twain
33%
This race track lies close to where Northern Ireland's former international airport was located Nutts Corner
33%
Flower that appears on the council's primary logo Orchid
33%
Industrial museum owned by the National Trust; it is the very last of its kind in the British Isles Patterson's Spade Mill
33%
The former stone railway viaduct, over the River Main in this town, is now a walkway and cycle path Randalstown
33%
Built in 1345, this ruined castle on the shores of Lough Neagh formerly housed a narrow gauge steam railway in its grounds; it was also used as a filming location for Game of Thrones Shane's Castle
33%
Veteran Hollywood actor from Glengormley, best known for his role as the villain in Ben Hur Stephen Boyd
33%
Village near where the above is situated Templepatrick
33%
No matching quizzes found
Score Distribution
Percent of People with Each Score
Percentile by Number Answered
Your Score History
You have not taken this quiz